000 00854nam a2200289 a 4500
999 _c12152
_d12152
001 12152
003 BD-JhCC
005 20221201134023.0
008 210321s2006 caua b 001 0 eng
020 _a0805393757
020 _a9788131715536
020 _a0805392130 (instructor)
020 _a0805391924 (high school)
035 _a(BD-JhCC)
040 _aDLC
_cDLC
_dDLC
_dBD-JhCC
041 _aeng
050 0 0 _aQC23.2
_b.H488 2006
082 0 0 _a530
_222
_bHEW 2006
100 1 _aHewitt, Paul G.
245 1 0 _aConceptual physics /
_cwritten and illustrated by Paul G. Hewitt.
250 _a10th ed.
260 _aSan Francisco :
_bPearson Addison Wesley,
_cc2006.
300 _axix, 788 p. :
_bill. (some col.) ;
_c27 cm.
504 _aIncludes bibliographical references and index.
650 0 _aPhysics
_vTextbooks.
942 _2ddc
_cBK
_05